000 01914 a2200301 4500
001 OB-pub-7560
003 FrMaCLE
005 20251214082529.0
007 cu ||||||m||||
008 190306e||||||||xx |||||s|||||||||0|fr|d
020 _a979-10-300-0421-2
024 7 _a10.4000/books.pub.7560
_2doi
040 _aFR-FrMaCLE
041 _afra
100 1 _aBraud, Michel
245 1 0 _aPoétiques de la durée /
_cMichel Braud.
260 _aPessac :
_bPresses Universitaires de Bordeaux,
_c2019.
300 _a201 p.
500 _aEbook
520 _a Prêter attention à la durée dans la littérature peut apparaître inattendu. Est-elle davantage, pour le roman, qu'un outil d'analyse narratologique ? Et plus largement le motif de l'instant n'a-t-il pas davantage d'intérêt, comme le montrent les études auquel il a donné lieu au cours des dernières années ? Ce volume voudrait montrer que, au-delà de ces représentations, la durée, entendue comme segment de temps limité et comme continuation indéfinie, est une notion centrale de la littérature de la modernité : du roman, du journal intime, mais aussi de la poésie. Elle conduit à s'interroger sur la représentation de l'existence humaine, entre grandeur et banalité. Elle pose la question du récit : comment le romancier peut-il figurer le flux du temps, sans trame ni repères, tout en écrivant encore un récit ? Et finalement, quel que soit le genre, elle constitue l'une des expériences centrales du sujet moderne, l'expérience d'un temps partagé et pourtant intime, celle d'un deuil à venir informulable.
540 _aOpenEdition Books License
_uhttps://www.openedition.org/12554
650 4 _aLiterature
650 4 _alittérature française
650 4 _atemps
650 4 _aXXe siècle
776 _z978-2-86781-615-4
856 4 _eBraud, Michel
_uhttps://books.openedition.org/pub/7560
_yPoétiques de la durée
999 _c703
_d703